Hindi cinema: Repeating the subject (Record no. 165865)

MARC details
000 -LEADER
fixed length control field 00371nam a2200145Ia 4500
008 - FIXED-LENGTH DATA ELEMENTS--GENERAL INFORMATION
fixed length control field 230917s9999||||xx |||||||||||||| ||und||
040 ## - CATALOGING SOURCE
-- 206636
Original cataloging agency VIVEKANANDA LIBRARY
041 ## - Language
-- English
082 ## - DDC NUMBER
Classification number 791.430954 B469H
100 ## - MAIN ENTRY--PERSONAL NAME
Personal name Bhattacharya, Nandini
245 #0 - TITLE STATEMENT
Title Hindi cinema: Repeating the subject
260 ## - PUBLICATION, DISTRIBUTION, ETC. (IMPRINT)
Place of publication, distribution, etc London
Name of publisher, distributor, etc Routledge
Date of publication, distribution, etc 2013
300 ## - PHYSICAL DESCRIPTION
Pages x, 219 p.
942 ## - ADDED ENTRY ELEMENTS (KOHA)
Koha item type Books
Holdings
Withdrawn status Lost status Damaged status Not for loan Location (home branch) Sublocation or collection (holding branch) Date acquired Koha issues (times borrowed) Koha full call number Accession No. Koha date last seen Koha item type
        VIVEKANANDA LIBRARY VIVEKANANDA LIBRARY 18/07/2014   791.430954 B469H 306290 17/09/2023 Books
        VIVEKANANDA LIBRARY VIVEKANANDA LIBRARY 18/07/2014   791.430954 B469H 328066 17/09/2023 Books
        VIVEKANANDA LIBRARY VIVEKANANDA LIBRARY 18/07/2014   791.430954 B469H 347845 17/09/2023 Books
© Designed and Maintained by Vivekananda Library, MDU Rohtak